000
00296nam a2200121Ia 4500
008
190216s9999||||xx |||||||||||||| ||und||
100
_a
Francis Browne
245
0
_a
Granny`S Wonderful Chair
260
_b
Wordsworth Editions Ltd
_c
1995
300
_a
123
650
_a
English Novel
942
_c
BK
999
_c
13977
_d
13977